| 000 | 02149 a2200373 4500 | ||
|---|---|---|---|
| 001 | 200128654 | ||
| 999 |
_c200128654 _d40856 |
||
| 003 | TR-AnTOB | ||
| 005 | 20200615165842.0 | ||
| 008 | 161122t2008 xxu 000 0 | ||
| 020 | _a0226065669 (pbk. : alk. paper) | ||
| 020 | _a9780226065663 (pbk. : alk. paper) | ||
| 020 | _a0226065650 (cloth : alk. paper) | ||
| 020 | _a9780226065656 (cloth : alk. paper) | ||
| 040 |
_aDLC _cDLC _dDLC |
||
| 041 | _aeng | ||
| 050 | 0 | 0 |
_aQ180.55.M4 _bB66 2008 |
| 090 | _aQ180.55.M4 B66 2008 | ||
| 100 | 1 |
_aBooth, Wayne C. _942303 |
|
| 245 | 1 | 4 |
_aThe craft of research / _cWayne C. Booth, Gregory G. Colomb, Joseph M. Williams. |
| 250 | _a3rd ed. | ||
| 264 | 1 |
_aChicago : _bUniversity of Chicago Press, _cc2008. |
|
| 300 |
_axvii, 317 p. : _bill. ; 22 cm. |
||
| 490 | 0 | _aChicago guides to writing, editing, and publishing | |
| 504 | _aIncludes bibliographical references and index. | ||
| 505 | 0 | _aResearch, researchers, and readers -- Prologue: Becoming a researcher -- Thinking in print: Uses of research, public and private -- Connecting with your reader: (Re-)creating yourself and your audience -- Asking questions, finding answers -- Prologue: Planning your project - an overview -- From topics to questions -- From questions to a problem -- From problems to sources -- Engaging sources -- Making a claim and supporting it -- Prologue: Assembling a research argument -- Making good arguments: Overview -- Making claims -- Assembling reasons and evidence -- Acknowledgments and responses -- Warrants -- Planning, drafting, and revising -- Prologue: Planning again -- Planning -- Drafting your report -- Revising your organization and argument -- Communicating evidence visually -- Introductions and conclusions-- Revising style: Telling your story clearly -- Some last considerations. | |
| 650 | 0 |
_aResearch _xMethodology _97172 |
|
| 650 | 0 |
_aTechnical writing _92628 |
|
| 650 | 0 |
_aAraştırma _xMetodoloji _97173 |
|
| 700 | 1 |
_aWilliams, Joseph M. _942304 |
|
| 700 | 1 |
_aColomb, Gregory G. _942305 |
|
| 856 | 4 | 1 |
_uhttp://www.loc.gov/catdir/toc/ecip082/2007042761.html _3Table of contents only |
| 942 | _cBK | ||